La Unión Económica y Monetaria y la empresa : principales consecuencias /

Explicación de las repercusiones fundamentales de la Unión Económica y Monetaria europea en el ámbito empresarial. En la primera parte, los autores examinan la evolución histórica que ha permitido alcanzar la tercera fase de la Unión Económica y Monetaria, los aspectos jurídicos asociados a este pro...

Olles dieđut

Furkejuvvon:
Bibliográfalaš dieđut
Váldodahkki: Fernández Jurado, María Yolanda (coord.)
Eará dahkkit: Vaquero Lafuente, María Esther (coordinación) (coordinación)
Materiálatiipa: Girji
Giella:espánnjágiella
Almmustuhtton: Madrid, España : Universidad Pontificia Comillas, 1999, c1999
Ráidu:(Economía y Empresa ; 1)
Fáttát:
Fáddágilkorat: Lasit fáddágilkoriid
Eai fáddágilkorat, Lasit vuosttaš fáddágilkora!

MARC

LEADER 00000nam^a2200000^a^4500
001 000136889
005 20250521000000.0
009 20260310095333.386
020 |a 84-89708-65-7 
037 |a Acervo ITESO - Biblioteca 
041 |a ESP 
082 |a 320. 94055  |b FER 
100 |a Fernández Jurado, María Yolanda  |e (coord.) 
245 1 3 |a La Unión Económica y Monetaria y la empresa :  |b principales consecuencias /  |c Coord. de M.Y. Fernández Jurado, M.E. Vaquero Lafuente. 
264 4 |a Madrid, España :  |b Universidad Pontificia Comillas,  |c 1999, c1999 
300 |a 256 p. 
336 |a texto  |b txt  |2 rdacontenido 
337 |a sin mediación  |b n  |2 rdamedio 
338 |a volumen  |b nc  |2 rdasoporte 
440 1 |a (Economía y Empresa ;  |v 1) 
520 |a Explicación de las repercusiones fundamentales de la Unión Económica y Monetaria europea en el ámbito empresarial. En la primera parte, los autores examinan la evolución histórica que ha permitido alcanzar la tercera fase de la Unión Económica y Monetaria, los aspectos jurídicos asociados a este proceso y los efectos generales producidos sobre el sistema financiero, el comercio internacional y la competitividad industrial. Los efectos en la dirección estratégica, la organización empresarial, la gestión financiera y la mercadotecnia son el motivo de la segunda parte, donde también se da cabida a las repercusiones en dos tipos de empresas como son las instituciones financieras de crédito y las aseguradoras. 
610 |a Comunidad Económica Europea 
649 |a XX 
650 |a Integración Monetaria -  |z Europa 
650 |a Apertura Comercial e Integración Económica -  |z Europa 
650 |a Derecho Monetario -  |z Europa 
650 |a Derecho Económico -  |z Europa 
650 |a Derecho Público -  |z Europa 
650 |a Comercio Internacional 
650 |a Finanzas 
650 |a Competencia (Economía) -  |z España 
650 |a Industria -  |z España 
650 |a Bancos y Operaciones Bancarias 
650 |a Compañías de Seguros 
650 |a Pequeña Empresa 
650 |a Mediana Empresa 
650 |a Mercadotecnia 
650 |a Administración del Producto 
650 |a Administración Financiera 
650 |a Organización Administrativa 
650 |a Planeación Estratégica 
650 |a Proceso Administrativo -  |x Dirección 
650 |a Empresas -  |x Administración 
650 |a Economía -  |z Europa -  |x Historia -  |y 1989-2000 
650 |a Economía -  |z Europa -  |x Historia -  |y Siglo XX 
650 |a Ciencias Administrativas 
700 |a Vaquero Lafuente, María Esther  |e (coordinación) 
910 |a Fondo General 
920 |a Impresos - Libros 
930 |a Colección General 
905 |a 101 
901 |a 0500065660  |b IT1  |c ACC  |u 20250521 
902 |a https://opac.biblio.iteso.mx/vufind/Record/000136889